| 000 | 00551nam a2200217Ia 4500 | ||
|---|---|---|---|
| 003 | GCL | ||
| 008 | 140319s9999 xx 000 0 eng d | ||
| 040 |
_aGCL / _cGCL |
||
| 082 | 0 | 4 |
_a747.79 _bD C |
| 100 | 1 | _aDOYB, BOB | |
| 245 | 1 | 0 |
_aCOMPLETE HOME STORAGE / _cDOYB, BOB |
| 260 |
_a[S.N] : _bSUNSET PUBLISHING COPERATION ، _c1996 |
||
| 300 | _a84 P | ||
| 650 | 0 | 4 | _aHOME STORAGE |
| 650 | 0 | 4 | _aINTERIOR DECORATION |
| 650 | 0 | 4 | _aARTS |
| 650 | 0 | 4 | _aDECORATION |
| 650 | 0 | 4 | _aKITCHEN - STORAGE |
| 650 | 0 | 4 | _aBEDROOM AND STORAGE |
| 942 |
_2ddc _cBK |
||
| 999 |
_c13817 _d13817 |
||